Responses for Show #2528 - Wednesday, September 6, 1995

Contestants

[<< previous game]

Lisa Grean, a music critic from Honolulu, Hawaii

John Cassidy, an accountant from Spring Lake, New Jersey

Carol Ann Hilton, a fundraiser from Washington, D.C. (whose 1-day cash winnings total $12,801)

[next game >>]

Jeopardy! Round responses

RUSSIAN RULERS
NURSERY RHYMES
HAIRSTYLES
FLORIDA
ARCHITECTURE
4-LETTER WORDS
    $100 9
Catherine the Great

Carol Ann
    $100 16
contrary

Carol Ann
    $100 3
iron

Lisa
    $100 23
lakes

Lisa
    $100 18
Rome

Lisa
    $100 1
mutt

Carol Ann
    $200 10
Nicholas II

Lisa
    $200 17
Humpty Dumpty

Lisa
    $200 4
bangs

Lisa
    $200 24
Tallahassee

John
    $200 19
roofs

John
    $200 2
stem

Lisa
    $300 11
Peter the Great

Lisa
    $300 28
Jack Sprat

Carol Ann
    $300 5
mohawk

Carol Ann
    $300 25
Kennedy Space Center

Lisa
    $300 20
Hartford

Lisa
    $300 6
bank

Carol Ann
    $400 12
Ivan the Terrible

Lisa
    $400 29
cock-a-doodle-doo

Triple Stumper
    $400 14
crew cut

Carol Ann
    $1,100 26
(Lisa: What is Boca Raton?)

Palm Beach

Lisa
    $400 21
staircase

Carol Ann
    $400 7
dirt

Carol Ann
    $500 13
Alexander Nevsky

Lisa
    $500 30
old man's hat

Carol Ann
    $500 15
bob

Carol Ann
    $500 27
Daytona Beach

Carol Ann
    $500 22
Paris

Lisa
    $500 8
waif

Lisa

Scores at the first commercial break (after clue 15):

Carol Ann John Lisa
$2,100 $0 $2,400

Scores at the end of the Jeopardy! Round:

Carol Ann John Lisa
$3,900 $400 $2,800

Double Jeopardy! Round responses

THE 20th CENTURY
TENORS, ANYONE?
TRAVEL & TOURISM
PHILOSOPHY
AMERICAN LITERATURE
"GREAT" FILMS
    $200 1
American Civil Liberties Union

Carol Ann
    $200 11
Caruso

Lisa
    $200 6
China

Lisa
    $200 26
Aristotle

Lisa
    $200 21
Roots

John
    $200 13
The Great Escape

Carol Ann
    $400 2
Howard Hughes

John
    $400 12
Metropolitan Opera

Carol Ann
    $400 7
Isle of Capri

John
    $400 27
Abelard

Lisa
    $400 22
(Lisa: What is World War II?)

Korean War

JohnLisa
    $400 14
The Great Dictator

Triple Stumper
    $600 3
Pancho Villa

Carol Ann
    $600 18
Wagner

Lisa
    $600 8
6

Carol Ann
    $600 28
Adam Smith

John
    $600 23
The Celestine Prophecy

Triple Stumper
    $600 15
The Great White Hope

John
    $800 4
Cambodia

John
    $800 19
Pavarotti

Lisa
    $800 9
(Carol: What is Ankara?)

Istanbul

Carol AnnLisa
    $800 29
Nietzsche

John
    $2,000 24
Rabbit Angstrom

John
    $800 16
The Great Waldo Pepper

Carol Ann
    $1000 5
Guyana

John
    $1,600 20
Placido Domingo

Lisa
    $1000 10
Berlitz

Lisa
    $1000 30
(Immanuel) Kant

Lisa
    $1000 25
(John: What is The Catbird Seat?)

The Secret Life of Walter Mitty

Carol AnnJohn
    $1000 17
The Great Santini

Lisa

Scores at the end of the Double Jeopardy! Round:

Carol Ann John Lisa
$6,900 $6,600 $10,200

[wagering suggestions for these scores]

Final Jeopardy! Round responses

FAMOUS WOMEN
JohnWho was Elizabeth II
$6,600
Carol AnnWho was Rosa Parks?
$6,301
LisaWho was Monroe
$3,601
Rosa Parks

Final scores:

Carol Ann John Lisa
$13,201 $0 $6,599
2-day champion: $26,002 3rd place: Insight 486SX desktop computer 2nd place: TWA trip to Miami to Tortola at The Mornings

Game dynamics:

Coryat scores:

Carol Ann John Lisa
$6,900 $5,400 $10,700
19 R,
1 W
12 R
(including 1 DD),
1 W
25 R
(including 1 DD),
2 W
(including 1 DD)

Combined Coryat: $23,000

[game clues] [game scores] [suggest correction]

Game tape date: Unknown
The J! Archive is created by fans, for fans. Scraping, republication, monetization, and malicious use prohibited; this site may use cookies and collect identifying information. See terms. The Jeopardy! game show and all elements thereof, including but not limited to copyright and trademark thereto, are the property of Jeopardy Productions, Inc. and are protected under law. This website is not affiliated with, sponsored by, or operated by Jeopardy Productions, Inc. Join the discussion at JBoard.tv.